00580cam a22002291 4500001001300000003000400013005001700017008004100034010001700075035002000092040001800112042001200130050001800142100001800160245003300178260002900211300003400240500001800274504002700292650001400319999001700333sa 67000018 DLC20260227112311.0890719s1966 ii b 000 0 malo  asa 67000018  a(OCoLC)20036805 aDLCcWaUdDLC apremarc00aPN6409.M3bK31 aKartha, P. C.10aPal̲añcolpr̲apañcaṃ. a[Chittur? Kerala,c1966] axix, 754, [2], iii p.c22 cm. aIn Malayalam. aBibliography: p. [755] 0aProverbs. c71694d71694